000 00667nam a2200229 a 4500
001 BRCA_5581
005 20190320205135.0
008 210211s1920----sp-a######---#000-0#spa-#
041 _aspa
044 _asp
050 4 _aND813.C3
_b.R53 1920
245 1 0 _aRicardo Canals
_cRafael MarquinaPrólogo de Rafael Marquina
260 _aMadrid
_bTalleres Tipográficos Argis
_c1920
300 _a16 p.
_bil., 25 láminas
_c21 cm.
440 0 _aBiblioteca Estrella
_pMonografías de arte
_914235
500 _aIncluye índice de láminas
500 _aF56
600 1 4 _aCanals, Ricardo
_914236
650 1 4 _aPintores españoles
_97620
902 _aGFM
942 _2lcc
_cB
999 _c5275
_d5275